Ser cristianos en el siglo XXI: una espiritualidad para nuestro tiempo
Salvato in:
| Autore principale: | |
|---|---|
| Natura: | Libro |
| Lingua: | spagnolo |
| Pubblicazione: |
Santander
Sal Terrae
2011
|
| Edizione: | 1a. ed |
| Serie: | Colección Servidores y Testigos, 128
|
| Soggetti: | |
| Tags: |
Aggiungi Tag
Nessun Tag, puoi essere il primo ad aggiungerne!!
|
MARC
| LEADER | 00000cam a2200000 a 4500 | ||
|---|---|---|---|
| 001 | UCE1620 | ||
| 003 | CL-VaPUC | ||
| 008 | 140502e20110000sp |||||||||||||||||spa|d | ||
| 020 | |a 9788429319415 | ||
| 082 | 0 | 4 | |a 248.482 |b RAD |2 21 |
| 100 | 0 | |a Radcliffe, Timothy |e author |9 573973 | |
| 245 | 1 | 0 | |a Ser cristianos en el siglo XXI: una espiritualidad para nuestro tiempo |
| 250 | |a 1a. ed | ||
| 300 | |a 295 p | ||
| 942 | |c BK | ||
| 945 | |d 20140502 10:02:00 |a dcastane | ||
| 260 | |a Santander |b Sal Terrae |c 2011 | ||
| 650 | 0 | |a Vida cristiana |9 258753 | |
| 650 | 0 | |a Vida religiosa |9 257284 | |
| 650 | 0 | |a Iglesia Católica |9 256114 | |
| 583 | |a last modification |c 20140502 10:02:00 |k Rodrigo Vera | ||
| 490 | 0 | |a Colección Servidores y Testigos, 128 | |
| 999 | |c 355360 |d 355358 | ||
| 952 | |0 0 |1 0 |3 erb |4 0 |6 248_482000000000000_RAD_2011 |7 0 |8 A |9 462056 |a BIBTEO |b BIBTEO |i 5074126 |o 248.482 RAD 2011 |p 5074126 |r 2025-01-17 |w 2019-11-23 |y BK |z Catalogado en:20140502 |k ICR | ||